Crisis of infinite Kryptos #2/ written by Jesse ... Read More
Available copies
- 1 of 2 copies available at LARL/NWRL Consortium.
- 1 of 2 copies available at Lake Agassiz Regional Library. (Show preferred library)
Current holds
0 current holds with 2 total copies.
Show Only Available Copies
| Location | Call Number / Copy Notes | Barcode | Shelving Location | Status | Due Date |
|---|---|---|---|---|---|
| Crookston Public Library | J G MCC (Text) | 33500011944014 | Main | Available | - |
| Moorhead Public Library | J G MCC (Text) | 33500011944006 | Main | Checked out | 07/02/2026 |
Record details
- ISBN: 9781434264718 (library binding)
- ISBN: 1434264718 (library binding)
- Physical Description: pages cm.
- Publisher: North Mankato, Minnesota : Capstone Stone Arch Books, 2014.
Content descriptions
| Summary, etc.: | It is a crisis for Krypto as he and his friend, ... Read More |
Search for related items by subject
| Genre: | Graphic novels. |
Search for related items by series
| LDR | 02125cam a22005418i 4500 | ||
|---|---|---|---|
| 001 | 173111 | ||
| 003 | LARL_NWRL_CONSORTIUM | ||
| 005 | 20141208161213.0 | ||
| 008 | 131105s2014 mnu b 6 000 1 eng c | ||
| 019 | . | ‡a883608757 | |
| 020 | . | ‡a9781434264718 (library binding) | |
| 020 | . | ‡a1434264718 (library binding) | |
| 035 | . | ‡a(OCoLC)857405602 ‡z(OCoLC)883608757 | |
| 042 | . | ‡alcac ‡apcc | |
| 082 | 0 | 4. | ‡a741.5/973 ‡223 |
| 100 | 1 | . | ‡aMcCann, Jesse Leon, ‡eauthor. ‡0(LARL_NWRL_CONSORTIUM)129550 |
| 245 | 1 | 0. | ‡aCrisis of infinite Kryptos ‡n#2/ ‡cwritten by Jesse McCann ; illustrated by Min S. Ku & Jeff Albrecht ; colored by Dave Tanguay. |
| 260 | . | ‡aNorth Mankato, Minnesota : ‡bCapstone Stone Arch Books, ‡c2014. | |
| 300 | . | ‡apages cm. | |
| 336 | . | ‡atext ‡2rdacontent | |
| 336 | . | ‡astill image ‡2rdacontent | |
| 337 | . | ‡aunmediated ‡2rdamedia | |
| 338 | . | ‡avolume ‡2rdacarrier | |
| 490 | 0 | . | ‡aKrypto the superdog ; ‡v2 |
| 520 | . | ‡aIt is a crisis for Krypto as he and his friend, Kevin, travel to different dimensions, but will everyone they meet be as friendly and helpful as the Super Pup himself? | |
| 650 | 0. | ‡aDogs ‡vComic books, strips, etc. | |
| 650 | 0. | ‡aSuperheroes ‡vComic books, strips, etc. | |
| 650 | 0. | ‡aPets ‡vComic books, strips, etc. | |
| 650 | 0. | ‡aDogs ‡vJuvenile fiction. ‡0(LARL_NWRL_CONSORTIUM)164650 | |
| 650 | 0. | ‡aSuperheroes ‡vJuvenile fiction. | |
| 650 | 0. | ‡aPets ‡vJuvenile fiction. ‡0(LARL_NWRL_CONSORTIUM)174051 | |
| 650 | 1. | ‡aGraphic novels. ‡0(LARL_NWRL_CONSORTIUM)40036 | |
| 650 | 1. | ‡aDogs ‡vFiction. ‡0(LARL_NWRL_CONSORTIUM)164539 | |
| 650 | 1. | ‡aSuperheroes ‡vFiction. | |
| 650 | 1. | ‡aPets ‡vFiction. ‡0(LARL_NWRL_CONSORTIUM)174050 | |
| 655 | 0. | ‡aGraphic novels. | |
| 700 | 1 | . | ‡aKu, Min S., ‡eillustrator. ‡0(LARL_NWRL_CONSORTIUM)219849 |
| 700 | 1 | . | ‡aAlbrecht, Jeff, ‡eillustrator. ‡0(LARL_NWRL_CONSORTIUM)123493 |
| 901 | . | ‡a173111 ‡bOCLC ‡c173111 ‡tbiblio | |

Add to basket
Permalink
Disable Highlighting